The everything guide to careers in law enforcement : (Record no. 879)

MARC details
000 -LEADER
fixed length control field 01350cam a2200337 a 4500
005 - DATE AND TIME OF LATEST TRANSACTION
control field 20260322212037.0
008 - FIXED-LENGTH DATA ELEMENTS--GENERAL INFORMATION
fixed length control field data
010 ## - LIBRARY OF CONGRESS CONTROL NUMBER
LC control number 2007274812
020 ## - INTERNATIONAL STANDARD BOOK NUMBER
International Standard Book Number 1598690779 (pbk.)
020 ## - INTERNATIONAL STANDARD BOOK NUMBER
International Standard Book Number 9781598690774 (pbk.)
040 ## - CATALOGING SOURCE
Original cataloging agency BKL
Transcribing agency BKL
Modifying agency DLC
-- YDXCP
-- GK8
-- BAKER
-- DLC
042 ## - AUTHENTICATION CODE
Authentication code lccopycat
043 ## - GEOGRAPHIC AREA CODE
Geographic area code n-us---
050 00 - LIBRARY OF CONGRESS CALL NUMBER
Classification number HV8143
Item number .B24 2007
082 00 - DEWEY DECIMAL CLASSIFICATION NUMBER
Classification number 363.2023/73
Edition information 22
092 ## - LOCALLY ASSIGNED DEWEY CALL NUMBER (OCLC)
Classification number 363.2 Bag 2007
001 - CONTROL NUMBER
control field data
100 1# - MAIN ENTRY--PERSONAL NAME
Personal name Bagley, Paul D.
245 14 - TITLE STATEMENT
Title The everything guide to careers in law enforcement :
Remainder of title a complete handbook to an exciting and rewarding life of service /
Statement of responsibility, etc. Paul D. Bagley.
246 30 - VARYING FORM OF TITLE
Title proper/short title Careers in law enforcement
246 30 - VARYING FORM OF TITLE
Title proper/short title Law enforcement
260 ## - PUBLICATION, DISTRIBUTION, ETC.
Place of publication, distribution, etc. Avon, Mass. :
Name of publisher, distributor, etc. Adams Media,
Date of publication, distribution, etc. c2007.
300 ## - PHYSICAL DESCRIPTION
Extent 288 p. ;
Dimensions 23 cm.
440 #0 - SERIES STATEMENT/ADDED ENTRY--TITLE
Title Everything series
504 ## - BIBLIOGRAPHY, ETC. NOTE
Bibliography, etc. note Includes bibliographical references (p. 282) and index.
650 #0 - SUBJECT ADDED ENTRY--TOPICAL TERM
Topical term or geographic name entry element Law enforcement
General subdivision Vocational guidance
Geographic subdivision United States
Form subdivision Handbooks, manuals, etc.
856 41 - ELECTRONIC LOCATION AND ACCESS
Materials specified Table of contents
Uniform Resource Identifier <a href="http://www.loc.gov/catdir/toc/fy0801/2007274812.html">http://www.loc.gov/catdir/toc/fy0801/2007274812.html</a>
906 ## - LOCAL DATA ELEMENT F, LDF (RLIN)
a 7
b cbc
c copycat
d 2
e ncip
f 20
g y-gencatlg
925 0# -
-- acquire
-- 2 shelf copies
-- policy default
955 ## - COPY-LEVEL INFORMATION (RLIN)
-- sf12 2007-06-21
-- sf04 2007-07-16 to Dewey
Holdings
Withdrawn status Lost status Damaged status Not for loan Home library Current library Shelving location Date acquired Total checkouts Full call number Barcode Date last seen Price effective from Koha item type
        Centerville Centerville General stacks 22/03/2026   363.2023/73 22 BC0010905 22/03/2026 22/03/2026 Books